Azərbaycan tarixi 4.0 - Statistics

General Stats
  • This quiz has been taken 7 times
  • The average score is 5 of 20
Answer Stats
Sual Cavab % Correct
Naxçıvan Muxtar Respublikasını Qarabağla birləşdirən nəqliyyat dəhlizi {Zəngəzur} dəhlizi
100%
2011-ci ildə Azərbaycanın qalib olduğu beynəlxalq mahnı müsabiqəsi Avroviziya Mahnı Müsabiqəsi
67%
Klivlenddə vəfat etmiş Azərbaycan prezidenti Heydər Əliyev
67%
Sovet hakimiyyəti dövründə Gəncənin adı Kirovabad
67%
Atropatenanın paytaxtı Qazaka
67%
1991-ci ildə Qarakənd faciəsində həlak olan prokuror İsmət Qayıbov
33%
"Bahadır və Sona" romanının müəllifi Nəriman Nərimanov
33%
Azərbaycan tarını təkmilləşdirən musiqiçi Sadıqcan
33%
İrəvan qalasının şimal-şərqində yerləşən keçmiş xan sarayı {Sərdar} sarayı
33%
Qəbələ rayonunun Nic qəsəbəsində yaşayan azsaylı xalq Udilər
33%
"Məhəbbət əfsanəsi" baletinin bəstəkarı Arif Məlikov
0%
Vaqif Mustafazadənin vəfat etdiyi şəhər Daşkənd
0%
Rusiyanın Surqut hava limanı onun adını daşıyır Fərman Salmanov
0%
"Dədə Qorqud", "Gün keçdi" və "Sevil" filmlərində iştirak etmiş aktyor Həsən Məmmədov
0%
Aşağı və Yuxarı Gövhər ağa məscidlərinin memarı Kərbəlayi Səfixan Qarabaği
0%
Qara Yanvar hadisələrinin əsas təşkilatçısı Mixail Qorbaçov
0%
İlk azərbaycanlı şəfqət bacısı və general Əliağa Şıxlinskinin həyat yoldaşı Nigar Şıxlinskaya
0%
"Ad günü" və "Günəşdən usanmışlar" filmlərinin ssenaristi Rüstəm İbrahimbəyov
0%
Bakının Azneft meydanında abidəsi olan Sasani şahənşahı V Bəhram
0%
"Şuşanın dağları başı dumanlı" mahnısının müəllifi Xan Şuşinski
0%
No matching quizzes found
Score Distribution
Percent of People with Each Score
Percentile by Number Answered
Your Score History
You have not taken this quiz